| 000 | 00421cam a2200157ua 4500 | ||
|---|---|---|---|
| 041 |
_aeng _h |
||
| 082 |
_a828.09 _bDOB/EN |
||
| 100 | _aDobree, Bamamy . | ||
| 245 |
_aEnglish Literature In the Early Eighteenth Century 1700-1740 / _cBamamy. _hTextual Documents |
||
| 250 |
_a1 / _b. |
||
| 260 |
_aLendon : _bOxford University Press , _c1964. |
||
| 300 | _a701 ; . | ||
| 504 | _a | ||
| 942 | _cBK | ||
| 999 |
_c2822 _d2822 |
||